LEADER 01163nam a2200265 u 4500 001 000000049048 003 CaOOAMICUS 005 20070226115052.0 008 000613s1973 it u000 u ita u 035 $a10850021 040 $aMSA$bita$dPUL(R) 100 1 $aCherubini, Francesco,$d1908-1960.$0(OLS)http://pul/name/35541 245 10$aDentro la vita /$cscritti e pensieri di Francesco Cherubini ; [a cura di] Guido Guasco ... [et al.]. 260 $aTorino :$bMarietti,$cc1973. 300 $a142 p. ;$c20 cm 490 1 $aL'ascolto 650 4$aUmanesimo.$0(OLS)http://pul/subject/9719 700 1 $aGuasco, Guido.$0(OLS)http://pul/name/35542 830 2$aL'ascolto.$0(OLS)http://pul/title/66131 850 $aPUL 852 $aPUL$W1$xDP1 Fondo Giannini$y60$m1557 E 25$j65238$nBK-PRI$b $qFondi$B65238$CPULBib$Z2$F65238 $H $81 852 $aPUL$W1$xDP1 Fondo Pastorale$y55$mP18 D 78$j65239$nBK-PRI$b $qFondi$B65239$CPULBib$Z2$F65239 $H $81 941 1 $a1 996 $6245$aDentro la vita$9(OLS)http://pul/title/66130 996 $6260$aTorino :$bMarietti$9(OLS)http://pul/publisher/48186 LEADER 01037naa a2200205 u 4500 001 000000101239 003 CaOOAMICUS 005 20070226130206.0 008 051212s1996 it u000 u ita u 035 $a11072113 040 $aIAR$bita 100 1 $aCanova, Andrea.$0(OLS)http://pul/name/63167 245 10$a[Recensione :] L'etą delle scoperte geografiche nei suoi riflessi linguistici in Italia. Atti del Convegno di studi, Firenze 21-22 ottobre 1992 /$c[Andrea Canova]. 260 $a[Milano :$bVita e pensiero],$c[1996] 300 $aS. 751-754 ;$c25 cm 630 04$aEtą delle scoperte geografiche nei suoi riflessi linguistici in Italia.$0(OLS)http://pul/subject/32620 730 0 $aAevum$g[Spogli].$0(OLS)http://pul/title/11692 773 0 $tAevum$k70 (1996)$w()8026 996 $6245$a[Recensione :] L'etą delle scoperte geografiche nei suoi riflessi linguistici in Italia. Atti del Convegno di studi, Firenze 21-22 ottobre 1992$9(OLS)http://pul/title/128142 996 $6260$a[Milano :$bVita e pensiero]$9(OLS)http://pul/publisher/79155